000 00275nam a22001217a 4500
008 170309b xxu||||| |||| 00| 0 eng d
041 _aeng
080 _a611
100 _a6
101 _aSHM
245 _aMANUAL MOBILIZATION OF THE JOINTS
_cKALTENBORN, F.M
942 _2udc
_cBK
999 _c7361
_d7361